| 000 | 01680nam a2200409 i 4500 | ||
|---|---|---|---|
| 001 | DIGUCAUCA0152 | ||
| 003 | NyNyDIG | ||
| 006 | m o d | ||
| 007 | cr ||||||||||| | ||
| 008 | 231008s2022 ck ob 000 e spa d | ||
| 035 | _a(OCoLC)1394135247 | ||
| 040 |
_aDGITA _beng _erda _epn _cDGITA |
||
| 020 |
_a9789587325829 _qdigital |
||
| 020 |
_z9789587325812 _qimpreso |
||
| 050 | 1 | 4 | _aML3849 ebook |
| 100 | 1 |
_aUlloa, Alejandro, _eauthor. |
|
| 245 | 1 | 0 |
_aSalsa, drogadicción y oralidad en ¡que viva la música! de Andrés Caicedo / _cAlejandro Ulloa Sanmiguel. |
| 250 | _aPrimera edición en español. | ||
| 264 | 1 |
_aPopayán, Colombia : _bEditorial Universidad del Cauca, _c2022. |
|
| 300 | _a1 online resource. | ||
| 336 |
_atext _btxt _2rdacontent |
||
| 337 |
_acomputer file _bc _2rdamedia |
||
| 338 |
_aonline resource _bcr _2rdacarrier |
||
| 347 |
_atext file _2rdaft |
||
| 347 | _bPDF | ||
| 504 | _aIncludes bibliographical references and Index. | ||
| 588 | 0 | _aOnline resource; title from PDF title page (Digitalia, viewed October 8, 2023) | |
| 600 | 1 | 0 |
_aCaicedo Estela, Andrés, _d1951-1977. |
| 650 | 0 | _aMusic and literature. | |
| 655 | 7 |
_aEssays. _2lcgft |
|
| 776 | 0 | 8 |
_iPrint version: _aUlloa, Alejandro. _tSalsa, drogadicción y oralidad en ¡que viva la música! de Andrés Caicedo. _bPrimera edición en español. _dPopayán, Colombia : Editorial Universidad del Cauca, 2022 _z9789587325812 |
| 791 | 2 |
_aDigitalia (Firm), _edistributor. |
|
| 793 | 0 |
_gDigitalia eBook Collection: _aUniversidad del Cauca |
|
| 856 | 4 | 0 |
_3Digitalia Hispánica _uhttps://www.digitaliapublishing.com/a/129867/ |
| 910 | _aPremium collection: 2023 | ||
| 942 | _cRAA | ||
| 999 |
_c280595 _d280595 |
||